000 00687nam a2200289Ia 4500
005 20260324141945.0
008 008 260324s9999 xx 000 0 eng d
020 _a9780203726730
037 _aEBOOK
040 _aCRL
040 _beng
040 _cCRL
041 _2eng
041 _aeng
084 _qCRL
100 _aWayne Erickson
_91210150
245 0 _aMapping The Faerie Queene
245 0 _bQuest Structures and the World of the Poem
260 _bTaylor and Francis
260 _c1996
365 _a
365 _b230
856 _uhttp://www.taylorfrancis.com/books/9780203726730
942 _cEBOOK
999 _c1813801
_d1813801